000 00385nam a2200157Ia 4500
008 230524s9999 xx 000 0 und d
082 _a537.32
_bGUP
100 _aNavneet Gupta
245 0 _aPhysics of Semiconductor Devices
250 _a1
260 _aNew Delhi
_bDhanpat rai
_c2010
300 _a"XI,A.10p;"
500 _aQuantity Number: 2
650 _aPhysics
942 _cBK
999 _c56408
_d56408